000 00441nam a2200169Ia 4500
005 20240823055213.0
008 240823s9999||||xx |||||||||||||| ||und||
041 _aENGLISH
082 _A620.00151535 Q6
100 _aDechauphai P
245 0 _aFinite Element Method : Fundamentals and Applications
250 _a1st
260 _c2016
_bNarosa Publishing
500 _aYES
650 _aFinite Element Analysis
_bCivil
942 _cBK
999 _c228233
_d228233